000
00283nam a2200121Ia 4500
008
191201s2012 xx 000 0 und d
100
_a
PANDEY, P C
245
0
_a
Modern Machining Processes
250
_a
45th Rep
260
_c
2012
_b
TMH
_a
NEW DELHI
300
_a
168
942
_2
ddc
_c
BK
999
_c
8020
_d
8020